Analógové nelineárne obvody návody na cvičenia

Podrobná bibliografia
Hlavní autori: Baláž, Igor, 1939- (Autor), Mikovičová, Beata (Autor), Minárik, Marián (Autor), Petrek, Jozef (Autor)
Médium: Kniha
Jazyk:slovenčina
Fyzický popis:123 s. sch., tab. 29 cm
Vydavateľské údaje: V Bratislave Slovenská technická univerzita 1998
ISBN:8022710180
Vydanie:2. vyd.
Predmet:

MARC

LEADER 00000nam a2200000 a 4500
001 vtls001327135
003 SK-MaSNL
005 20260301005610.0
008 240509s1998 xo ap r yy slo
015 |a SNBA1998/09-03037 
020 |a 8022710180  |c 19,00 Sk 
035 |a SNK000279926 
035 |a urn:nbn:sk:snk-amtjj8 
035 |a urn:nbn:sk:snk-am00c6dc 
035 |a 3AD4AA56-E747-4E10-AD8E-08972F083E4F 
040 |a SNK  |b slo  |c SNK  |e AACR2 
041 0 |a slo 
044 |a xo  |c SK 
080 |a 681.33:681.511.4(075.8)(076.5)  |2 1981 
080 |a 681.511.4(075.8)(076.5)  |2 1981 
245 0 |a Analógové nelineárne obvody  |b návody na cvičenia  |c Igor Baláž...[et al.] 
250 |a 2. vyd. 
260 |a V Bratislave  |b Slovenská technická univerzita  |c 1998 
300 |a 123 s.  |b sch., tab.  |c 29 cm 
500 |a 200 výt. 
504 |a Bibliogr. odkazy 
650 0 7 |a obvody nelineárne analógové  |x cvičenia praktické  |2 SNK  |9 290150 
655 7 |a Textbooks (higher)  |2 SNKPHeng  |9 276436 
655 7 |a učebnice vysokých škôl  |2 SNKPH  |9 70191 
700 1 |a Baláž, Igor,  |d 1939-  |4 aut  |9 189431 
700 1 |a Mikovičová, Beata  |4 aut  |9 45757 
700 1 |a Minárik, Marián  |4 aut  |9 6567 
700 1 |a Petrek, Jozef  |4 aut  |9 290151 
752 |d Bratislava 
919 |a 80-227-1018-0 
958 |a TL 
958 |a NB 
958 |a UV 
958 |a OND 
999 |c 545653  |d 547583 
952 |t P60, <03>, [BOOK], {603}  |a SNK  |b SNK  |y PREZ  |7 0  |p 17A0130701  |o snkSB 58563  |i snkKSP 3757/98  |0 0  |1 0  |4 0  |d 1998-04-07  |f 1  |l 0  |r 2017-06-30 00:00:00  |w 2026-02-23 
952 |t P60, <04>, [BOOK], {604}  |a SNK  |b SNK  |y VYP  |7 0  |p 17A0130702  |o snkSB 58563 D1  |i snkKSP 3758/98  |0 0  |1 0  |4 0  |d 1998-04-07  |l 0  |r 2005-01-02 00:00:00  |w 2026-02-23